| 000 | 00651nam a2200205 i 4500 | ||
|---|---|---|---|
| 001 | 50563 | ||
| 003 | ES-MaACL | ||
| 005 | 20230906162212.0 | ||
| 007 | t| | ||
| 008 | 030805s1932 sp ||||1| por d | ||
| 100 | 1 |
_aLeal, Cunha ( _d1888-1970) _942171 |
|
| 245 | 1 | 3 |
_aOs partidos políticos na República Portuguesa / _cCunha Leal. |
| 260 |
_aCorunha : _b[s.n.], _c1932 ( _fImp. Moret) |
||
| 300 |
_a114 p. ; _c20 cm. |
||
| 490 | 1 |
_aOs meus cadernos ; _v2 |
|
| 650 | 4 |
_aPartidos políticos- _zPortugal. _9153834 |
|
| 830 | 0 |
_aOs meus cadernos ; _v2 _9230135 |
|
| 852 |
_aES-MaACL _j1645-F-1 _z.- Ded. manuscrita del autor |
||
| 999 |
_c50563 _d50563 |
||